Excellence in the Boarderoom (Record no. 331)

MARC details
000 -LEADER
fixed length control field 00421nam a2200157Ia 4500
008 - FIXED-LENGTH DATA ELEMENTS--GENERAL INFORMATION
fixed length control field 230312s9999||||xx |||||||||||||| ||und||
020 ## - INTERNATIONAL STANDARD BOOK NUMBER
International Standard Book Number 0-470-83160-x
082 ## - DEWEY DECIMAL CLASSIFICATION NUMBER
Classification number 658.422
Item number DIM-E
100 ## - MAIN ENTRY--PERSONAL NAME
Personal name William A. Dimma
245 #0 - TITLE STATEMENT
Title Excellence in the Boarderoom
260 ## - PUBLICATION, DISTRIBUTION, ETC.
Name of publisher, distributor, etc. John Wiley & Sons
Place of publication, distribution, etc. Canada
Date of publication, distribution, etc. 2002
300 ## - PHYSICAL DESCRIPTION
Extent 236
546 ## - LANGUAGE NOTE
Language note Eng.
650 ## - SUBJECT ADDED ENTRY--TOPICAL TERM
Topical term or geographic name entry element Management
Form subdivision Introduction , On Board Defining a Vision
942 ## - ADDED ENTRY ELEMENTS (KOHA)
Koha item type BOOK
Holdings
Withdrawn status Lost status Source of classification or shelving scheme Damaged status Not for loan Home library Current library Date acquired Total Checkouts Full call number Barcode Date last seen Price effective from Koha item type
    Dewey Decimal Classification     Superior Information Resource Center (SIRC) Superior University- Central Library Superior Information Resource Center (SIRC) Superior University- Central Library 03/13/2023   658.422 DIM-E 337 03/13/2023 03/13/2023 BOOK

Powered by Koha